| 000 | 00334nam a22001337a 4500 | ||
|---|---|---|---|
| 008 | 160520b xxu||||| |||| 00| 0 eng d | ||
| 020 | _a9780205540112 | ||
| 020 | _a978020554662 | ||
| 020 | _a020554066 | ||
| 041 | _aeng | ||
| 080 | _a572 | ||
| 245 |
_aCultural anthropology in a globalizing world: _cBarbara Miller; |
||
| 942 |
_2udc _cBK |
||
| 999 |
_c2305 _d2305 |
||